000 00750nam a2200229 4500
001 vtls000036960
003 MY-SjTCS
005 20200226120416.0
008 110218 1991 00 eng
020 _a0412368803
039 9 _a201904231350
_bdianafitri
_c201102181336
_dVLOAD
_c200905290704
_dradtha
_y200407271808
_zVLOAD
082 0 4 _a620.11
_bGER
100 1 _aGere, James M.
_9323
245 1 0 _aMechanics of materials /
_cJames M. Gere, Stephen P. Timoshenko
250 _a3rd SI ed.
260 _aLondon :
_bChapman and Hall,
_c1991
300 _axxii, 807 p. ;
_c24 cm.
650 0 _aMaterials science.
_9324
700 1 _aTimoshenko, Stephen P.,
_d1878-1972,
_e(j.a.)
920 _aUOS:E : 30077, 30078, 30079
921 _aBRI : 520242
999 _c163836